000 00590nam a22002177a 4500
003 OSt
005 20160902183726.0
008 160902b xxu||||| |||| 00| 0 eng d
020 _a9780702054426
040 _cDMLN
082 _aWA525 N143f 2016
100 _aNaidoo, Jennie; Wills, Jane
_910996
245 _aFundations for Health Promotion
250 _a4th ed.
260 _aUK; Elsevier, 2016
300 _aix,335p; col.ill: 24.5cm
504 _aReferences, glossay, & index included
650 _aHealth Promotion
_92077
650 _aPublic health
_92243
942 _2z
_cO_SHELF
999 _c5149
_d5149